[Event "Adelaide Lidums op"]
[Site "Adelaide"]
[Date "2019.12.09"]
[Round "5"]
[White "Retnaraja, Athena Malar"]
[Black "Fenton, Oliver"]
[Result "0-1"]
[WhiteElo "1322"]
[BlackElo "1511"]
[PlyCount "90"]
[EventDate "2019.12.07"]
[EventType "swiss"]
[EventRounds "9"]
[EventCountry "AUS"]
[SourceTitle "CBM 193 Extra"]
[Source "ChessBase"]
[SourceDate "2020.01.31"]
[SourceVersion "1"]
[SourceVersionDate "2020.01.31"]
[SourceQuality "1"]

1. d4 d5 2. Bf4 Nf6 3. Nf3 e6 4. e3 Nbd7 5. c3 Be7 6. Nbd2 0-0 7. Qc2 b6 8. Ne5 Bb7 9. Ndf3 Nxe5 10. Nxe5 c5 11. Be2 cxd4 12. exd4 Rc8 13. 0-0-0 Ne4 14. Bd3 Bg5 15. Be3 Rc7 16. f4 Bf6 17. g4 Qe7 18. Nf3 Rfc8 19. Bxe4 dxe4 20. Nd2 Rxc3 21. bxc3 Qa3+ 22. Kb1 Rxc3 23. Qb2 Qxb2+ 24. Kxb2 Rxe3 25. Nc4 Re2+ 26. Kc3 Rxa2 27. Ra1 Rxa1 28. Rxa1 b5 29. Nd6 b4+ 30. Kd2 Bxd4 31. Ra4 Bc3+ 32. Kc2 e3 33. Rxa7 e2 34. Rxb7 h6 35. Rb8+ Kh7 36. Nxf7 e1Q 37. Kb3 Qb1+ 38. Kc4 Qa2+ 39. Kb5 Qd5+ 40. Ka4 Qd7+ 41. Kb3 Qxf7 42. Kc2 Qxf4 43. Re8 Qd2+ 44. Kb3 Qd1+ 45. Kc4 Qd5# 0-1

[Event "Adelaide Lidums op"]
[Site "Adelaide"]
[Date "2019.12.07"]
[Round "2"]
[White "Fenton, Oliver"]
[Black "Nair, Gautam"]
[Result "1-0"]
[WhiteElo "1511"]
[BlackElo "1327"]
[PlyCount "64"]
[EventDate "2019.12.07"]
[EventType "swiss"]
[EventRounds "9"]
[EventCountry "AUS"]
[SourceTitle "CBM 193 Extra"]
[Source "ChessBase"]
[SourceDate "2020.01.31"]
[SourceVersion "1"]
[SourceVersionDate "2020.01.31"]
[SourceQuality "1"]

1. d4 Nf6 2. c4 g6 3. Nf3 Bg7 4. Nc3 d6 5. Bg5 h6 6. Bxf6 exf6 7. e3 0-0 8. Bd3 f5 9. 0-0 g5 10. Qc2 Qf6 11. Nd5 Qd8 12. Bxf5 g4 13. Nd2 Nc6 14. a3 a5 15. b4 b6 16. Be4 f5 17. b5 Nxd4 18. exd4 fxe4 19. Qxe4 Bf5 20. Ne7+ Kh8 21. Nxf5 Rxf5 22. Qxf5 Bxd4 23. Rad1 Be5 24. Qxg4 Qf6 25. Ne4 Qf7 26. Qh4 Qg6 27. h3 Rg8 28. g3 Qg7 29. Qg4 Qe7 30. Qh5 Qg7 31. h4 a4 32. Ng5 Qe7 1-0